[Event "POL-ch Academic"]
[Site "Katowice"]
[Date "2018.02.03"]
[Round "7"]
[White "Gora, Jan"]
[Black "Smolka, Marcin"]
[Result "0-1"]
[WhiteElo "2047"]
[BlackElo "2178"]
[PlyCount "115"]
[EventDate "2018.02.02"]
[EventType "swiss (rapid)"]
[EventRounds "9"]
[EventCountry "POL"]
[SourceTitle "CBM 182 Extra"]
[Source "ChessBase"]
[SourceDate "2018.02.23"]
[SourceVersion "1"]
[SourceVersionDate "2018.02.23"]
[SourceQuality "1"]

1. e4 e5 2. Nf3 Nc6 3. d4 exd4 4. Nxd4 Nf6 5. Nxc6 bxc6 6. Bd3 Bc5 7. 0-0 d6 8. Nc3 h6 9. Na4 Bb6 10. Nxb6 axb6 11. Qf3 0-0 12. Re1 Re8 13. Bd2 Bb7 14. Qg3 Kh8 15. e5 dxe5 16. Rxe5 Rxe5 17. Qxe5 Qd6 18. Bf4 Rd8 19. Qf5 Qd7 20. Qxd7 Rxd7 21. Re1 g5 22. Be5 Kg7 23. Bc3 c5 24. f3 Rd6 25. a4 Kf8 26. Bb5 Bc6 27. Bxc6 Rxc6 28. a5 b5 29. Bxf6 Rxf6 30. Re5 Rc6 31. Kf2 f6 32. Rd5 Ke7 33. a6 Rxa6 34. Rxc5 c6 35. Ke3 Kd6 36. b4 Ra3+ 37. Kd2 Ra4 38. Rf5 Ke6 39. Rc5 Kd6 40. Rf5 Ke6 41. Rc5 Ra6 42. Kd3 f5 43. g4 Ra3+ 44. Rc3 Rxc3+ 45. Kxc3 fxg4 46. fxg4 Ke5 47. Kd3 Kf4 48. h3 Kg3 49. Kd4 Kxh3 50. Kc5 Kxg4 51. Kxc6 h5 52. Kxb5 h4 53. c4 h3 54. c5 h2 55. c6 h1Q 56. Kb6 Qg1+ 57. Kb7 Qg2 58. Kc7 0-1

[Event "POL-chT Academic"]
[Site "Katowice"]
[Date "2018.02.03"]
[Round "4.21"]
[White "Polok, Kacper"]
[Black "Gora, Jan"]
[Result "1-0"]
[WhiteElo "2237"]
[BlackElo "2047"]
[PlyCount "165"]
[EventDate "2018.02.03"]
[EventType "team-swiss (rapid)"]
[EventRounds "9"]
[EventCountry "POL"]
[SourceTitle "CBM 182 Extra"]
[Source "ChessBase"]
[SourceDate "2018.02.23"]
[SourceVersion "1"]
[SourceVersionDate "2018.02.23"]
[SourceQuality "1"]
[WhiteTeam "Katowice UE"]
[BlackTeam "Wroclaw UWr"]
[WhiteTeamCountry "POL"]
[BlackTeamCountry "POL"]

1. e4 c5 2. Nc3 Nc6 3. Bb5 Nd4 4. Bc4 g6 5. Nf3 Bg7 6. Nxd4 cxd4 7. Qf3 e6 8. Nb5 d6 9. Qa3 Bf8 10. Nxd4 d5 11. Bb5+ Bd7 12. Qd3 a6 13. Bxd7+ Qxd7 14. e5 Qc7 15. 0-0 Qxe5 16. Nf3 Qf6 17. Qb3 Qe7 18. d3 Bg7 19. Bd2 a5 20. Bg5 Bf6 21. Qa4+ Qd7 22. Qh4 Bxg5 23. Qxg5 Qe7 24. Qf4 Nf6 25. Qh6 Ng4 26. Qf4 Nf6 27. Ne5 0-0 28. Rad1 Nd7 29. Ng4 h5 30. Ne5 Qf6 31. Qxf6 Nxf6 32. c4 Rac8 33. b3 Rfd8 34. f3 Nd7 35. Nxd7 Rxd7 36. Kf2 b5 37. Ke3 bxc4 38. dxc4 Rcd8 39. c5 d4+ 40. Kd3 Rd5 41. Rc1 Rc8 42. c6 Rd6 43. Rf2 Rdxc6 44. Rxc6 Rxc6 45. Kxd4 Kf8 46. a3 Ke7 47. b4 axb4 48. axb4 Kd6 49. Ra2 e5+ 50. Kd3 f5 51. Ra8 e4+ 52. fxe4 fxe4+ 53. Kd4 Rc2 54. Ra6+ Kc7 55. Rxg6 Rb2 56. Kxe4 Rxb4+ 57. Kf5 Kd7 58. Kg5 Rb5+ 59. Kh4 Ke7 60. Rg5 Rb6 61. Kxh5 Kf7 62. h3 Rc6 63. g3 Ra6 64. h4 Rb6 65. Ra5 Kg7 66. Ra7+ Kh8 67. g4 Rb5+ 68. g5 Rb6 69. Rf7 Kg8 70. Rf6 Rb7 71. Ra6 Kg7 72. Ra4 Rc7 73. Kg4 Rc1 74. Ra7+ Kf8 75. h5 Rc5 76. h6 Kg8 77. Kh5 Kh8 78. Re7 Ra5 79. Kg6 Ra6+ 80. Kf7 Kh7 81. Re6 Ra7+ 82. Kf6 Kh8 83. Re8+ 1-0

[Event "POL-chT 2nd League"]
[Site "Szczyrk"]
[Date "2014.09.10"]
[Round "5.46"]
[White "Gmaj, Krzysztof"]
[Black "Gora, Jan"]
[Result "1/2-1/2"]
[WhiteElo "2142"]
[BlackElo "2035"]
[PlyCount "62"]
[EventDate "2014.09.06"]
[EventType "team-swiss"]
[EventRounds "9"]
[EventCountry "POL"]
[SourceTitle "EXT 2015"]
[Source "ChessBase"]
[SourceDate "2014.11.20"]
[SourceVersion "1"]
[SourceVersionDate "2014.11.20"]
[SourceQuality "1"]
[WhiteTeam "Dabrowa Gornicza Zaglebie"]
[BlackTeam "Wieliczka MKS MOS"]
[WhiteTeamCountry "POL"]
[BlackTeamCountry "POL"]

1. e4 c5 2. Nf3 Nc6 3. Bb5 e6 4. 0-0 Nge7 5. d4 cxd4 6. Nxd4 Qb6 7. Nxc6 bxc6 8. Bd3 Ng6 9. b3 Be7 10. Bb2 0-0 11. Nd2 e5 12. c4 d6 13. Re1 Be6 14. g3 f5 15. exf5 Bxf5 16. Bxf5 Rxf5 17. Ne4 Qd8 18. Qg4 Qf8 19. Rad1 Rd8 20. Re2 d5 21. Red2 dxe4 22. Rxd8 Bxd8 23. Rxd8 Qxd8 24. Qxf5 Qd1+ 25. Kg2 Nf4+ 26. gxf4 Qf3+ 27. Kg1 Qd1+ 28. Kg2 Qf3+ 29. Kg1 Qd1+ 30. Kg2 Qf3+ 31. Kg1 Qd1+ 1/2-1/2

[Event "POL-chT 2nd League"]
[Site "Szczyrk"]
[Date "2014.09.06"]
[Round "1.22"]
[White "Gora, Jan"]
[Black "Bronowicki, Mateusz"]
[Result "1-0"]
[WhiteElo "2035"]
[BlackElo "2325"]
[PlyCount "77"]
[EventDate "2014.09.06"]
[EventType "team-swiss"]
[EventRounds "9"]
[EventCountry "POL"]
[SourceTitle "EXT 2015"]
[Source "ChessBase"]
[SourceDate "2014.11.20"]
[SourceVersion "1"]
[SourceVersionDate "2014.11.20"]
[SourceQuality "1"]
[WhiteTeam "Wieliczka MKS MOS"]
[BlackTeam "Wisznia Mala OKSiR"]
[WhiteTeamCountry "POL"]
[BlackTeamCountry "POL"]

1. e4 e6 2. d4 d5 3. Nc3 Nf6 4. Bg5 Be7 5. e5 Nfd7 6. Bxe7 Qxe7 7. f4 a6 8. Nf3 c5 9. Qd2 Nc6 10. 0-0-0 f6 11. exf6 Nxf6 12. dxc5 Qxc5 13. Nd4 0-0 14. g3 Bd7 15. Bh3 Qd6 16. Rhe1 Rfe8 17. Nf3 Rad8 18. Ne5 Bc8 19. Ne4 Qc7 20. Ng5 h6 21. Ngf7 Ne4 22. Rxe4 dxe4 23. Nxd8 Rxd8 24. Qc3 Rd5 25. Nxc6 bxc6 26. Re1 Rh5 27. Bg2 Rxh2 28. Bxe4 c5 29. Rd1 Bd7 30. Bg6 Kf8 31. b4 Be8 32. Bxe8 Kxe8 33. Re1 Kf7 34. Re5 c4 35. Rc5 Qd6 36. Rxc4 Rh1+ 37. Kb2 Qd1 38. Rc7+ Ke8 39. Qc6+ 1-0

[Event "Olsztyn op U18 blitz"]
[Site "Olsztyn"]
[Date "2013.08.04"]
[Round "22"]
[White "Licznerski, Lukasz"]
[Black "Gora, Jan"]
[Result "1/2-1/2"]
[WhiteElo "2043"]
[BlackElo "2043"]
[PlyCount "56"]
[EventDate "2013.08.03"]
[EventType "swiss (blitz)"]
[EventRounds "22"]
[EventCountry "POL"]
[SourceTitle "CBM 155 Extra"]
[Source "ChessBase"]
[SourceDate "2013.08.26"]
[SourceVersion "1"]
[SourceVersionDate "2013.08.26"]
[SourceQuality "1"]

1. e4 c6 2. c4 d5 3. cxd5 cxd5 4. exd5 Nf6 5. Qa4+ Nbd7 6. Nc3 g6 7. Bc4 Bg7 8. Nf3 0-0 9. d3 a6 10. Qa3 Nb6 11. Qb3 Nxc4 12. dxc4 b5 13. 0-0 bxc4 14. Qxc4 Bb7 15. Bg5 Bxd5 16. Nxd5 Qxd5 17. Qxd5 Nxd5 18. Rab1 e6 19. b4 Rab8 20. Bd2 Rfc8 21. g3 a5 22. a4 Bc3 23. b5 Bxd2 24. Nxd2 Nc3 25. Rb4 Rc4 26. Nxc4 Nxa4 27. b6 Nxb6 28. Rfb1 Nd7 1/2-1/2

[Event "Olsztyn op U18 blitz"]
[Site "Olsztyn"]
[Date "2013.08.03"]
[Round "4"]
[White "Gora, Jan"]
[Black "Drozdowski, Kacper"]
[Result "0-1"]
[WhiteElo "2043"]
[BlackElo "2437"]
[PlyCount "82"]
[EventDate "2013.08.03"]
[EventType "swiss (blitz)"]
[EventRounds "22"]
[EventCountry "POL"]
[SourceTitle "CBM 155 Extra"]
[Source "ChessBase"]
[SourceDate "2013.08.26"]
[SourceVersion "1"]
[SourceVersionDate "2013.08.26"]
[SourceQuality "1"]

1. e4 c5 2. a3 g6 3. Bc4 Bg7 4. Nc3 d6 5. d3 Nf6 6. Nge2 0-0 7. 0-0 Nc6 8. Rb1 e6 9. Ba2 Rb8 10. b4 cxb4 11. axb4 b5 12. Be3 a6 13. Nd4 Bd7 14. Nxc6 Bxc6 15. Bd4 h6 16. Ne2 e5 17. Bb2 Qe7 18. f3 d5 19. Nc3 Rfd8 20. exd5 Nxd5 21. Nxd5 Bxd5 22. Bxd5 Rxd5 23. Qe1 Rc8 24. Rf2 Rd7 25. Re2 Qd6 26. Bxe5 Bxe5 27. Rxe5 Rxc2 28. Re8+ Kg7 29. Rc1 Qd4+ 30. Kh1 Rxc1 31. Qxc1 Qxb4 32. Qa1+ Qd4 33. Qa3 b4 34. Qa5 b3 35. Qa3 Rd6 36. h3 Qxd3 37. Rb8 Qd4 38. Rxb3 Rd8 39. Rb7 Qd1+ 40. Kh2 Qd6+ 41. Kh1 Qxa3 0-1

[Event "Krakow Malopolski-chA"]
[Site "Krakow"]
[Date "2013.05.03"]
[Round "6"]
[White "Tokarski, Lukasz"]
[Black "Gora, Jan"]
[Result "1-0"]
[WhiteElo "2270"]
[BlackElo "1958"]
[PlyCount "44"]
[EventDate "2013.04.28"]
[EventType "swiss"]
[EventRounds "9"]
[EventCountry "POL"]
[SourceTitle "CBM 154 Extra"]
[Source "ChessBase"]
[SourceDate "2013.06.25"]
[SourceVersion "2"]
[SourceVersionDate "2013.06.25"]
[SourceQuality "1"]

1. e4 c5 2. Nf3 Nc6 3. d4 cxd4 4. Nxd4 g6 5. c4 Nf6 6. Nc3 d6 7. Be2 Nxd4 8. Qxd4 Bg7 9. Bg5 0-0 10. Qd2 Be6 11. 0-0 Qa5 12. Rac1 Rfc8 13. b3 a6 14. f4 b5 15. f5 b4 16. fxe6 bxc3 17. exf7+ Kh8 18. Qe3 Nxe4 19. Bxe7 Qe5 20. f8Q+ Bxf8 21. Bxf8 Rxf8 22. Bd3 Nd2 1-0

[Event "Krakow Malopolski-chA"]
[Site "Krakow"]
[Date "2013.05.01"]
[Round "4"]
[White "Ociepka, Tomasz"]
[Black "Gora, Jan"]
[Result "0-1"]
[WhiteElo "1812"]
[BlackElo "1958"]
[PlyCount "116"]
[EventDate "2013.04.28"]
[EventType "swiss"]
[EventRounds "9"]
[EventCountry "POL"]
[SourceTitle "CBM 154 Extra"]
[Source "ChessBase"]
[SourceDate "2013.06.25"]
[SourceVersion "2"]
[SourceVersionDate "2013.06.25"]
[SourceQuality "1"]

1. e4 c5 2. Nf3 Nc6 3. d4 cxd4 4. Nxd4 e6 5. Nb5 d6 6. Bf4 e5 7. Be3 Nf6 8. Bg5 a6 9. N5c3 Be7 10. Nd2 Be6 11. Bxf6 gxf6 12. Nc4 f5 13. exf5 Bxf5 14. Ne3 Be6 15. Bc4 Qa5 16. Bxe6 fxe6 17. Qh5+ Kd7 18. 0-0-0 Raf8 19. Rd2 Kc7 20. Rhd1 d5 21. Nexd5+ exd5 22. Rxd5 Qb4 23. Rd7+ Kb8 24. Nd5 Qh4 25. Qe2 Bc5 26. g3 Qa4 27. Nc3 Qa5 28. Qc4 Bd4 29. Ne4 Rd8 30. Rxd8+ Rxd8 31. c3 Bb6 32. Rxd8+ Bxd8 33. h4 Qc7 34. Kb1 Qd7 35. Kc2 Qf5 36. Qd5 Bb6 37. f4 Bc7 38. fxe5 Nxe5 39. a3 Ng4 40. Qxf5 Ne3+ 41. Kd3 Nxf5 42. g4 Nxh4 43. Nf6 h6 44. Ke4 Bd8 45. Ne8 Bg5 46. a4 Ng2 47. Nd6 Ne3 48. Kf3 Nd1 49. Nc4 Bc1 50. b4 Nxc3 51. b5 axb5 52. axb5 Nxb5 53. Ke4 Kc7 54. Kd5 Nc3+ 55. Kc5 Ne4+ 56. Kd4 Nf6 57. Ne5 Bb2+ 58. Ke3 Bxe5 0-1

[Event "POL-ch U18"]
[Site "Szczyrk"]
[Date "2013.??.??"]
[Round "8"]
[White "Gora, Jan"]
[Black "Gabryjalowicz, Jakub"]
[Result "1-0"]
[WhiteElo "1961"]
[BlackElo "1779"]
[PlyCount "113"]
[EventDate "2013.03.17"]
[EventType "swiss"]
[EventRounds "9"]
[EventCountry "POL"]
[SourceTitle "CBM 153 Extra"]
[Source "ChessBase"]
[SourceDate "2013.04.22"]
[SourceVersion "1"]
[SourceVersionDate "2013.04.22"]
[SourceQuality "1"]

1. e4 c5 2. a3 g6 3. Bc4 Nc6 4. Nf3 Bg7 5. c3 Qb6 6. d3 d6 7. h3 Nf6 8. b4 cxb4 9. axb4 0-0 10. Be3 Qc7 11. Nbd2 e6 12. Nd4 Nxd4 13. Bxd4 d5 14. exd5 exd5 15. Bb5 Bd7 16. Bxd7 Nxd7 17. 0-0 Bxd4 18. cxd4 a5 19. Qb3 Nf6 20. bxa5 Rxa5 21. Rxa5 Qxa5 22. Nf3 b5 23. Rb1 Rb8 24. Ne5 Qc7 25. Qb4 Rb7 26. Qc5 b4 27. Qxc7 Rxc7 28. Rxb4 Kf8 29. Kf1 Ke7 30. Rb5 Ke6 31. Rb6+ Ke7 32. Nc6+ Kd7 33. Nb4 Ke7 34. Ke2 Rd7 35. Nc6+ Ke6 36. Ne5+ Rd6 37. Rxd6+ Kxd6 38. Nxf7+ Ke6 39. Ne5 Ne8 40. f4 Nd6 41. g4 Nb5 42. Ke3 Nc3 43. Nf3 Kf6 44. Ng5 h6 45. Nf3 Nb5 46. h4 Nc7 47. g5+ hxg5 48. hxg5+ Ke6 49. Nh4 Kf7 50. Nf3 Ke6 51. Ne5 Kf5 52. Nc6 Ke6 53. Kf3 Nb5 54. Kg4 Kf7 55. f5 Kg7 56. f6+ Kh8 57. Kf4 1-0

[Event "POL-ch U18"]
[Site "Szczyrk"]
[Date "2013.??.??"]
[Round "1"]
[White "Gora, Jan"]
[Black "Lewicki, Miroslaw"]
[Result "1-0"]
[WhiteElo "1961"]
[BlackElo "2208"]
[PlyCount "137"]
[EventDate "2013.03.17"]
[EventType "swiss"]
[EventRounds "9"]
[EventCountry "POL"]
[SourceTitle "CBM 153 Extra"]
[Source "ChessBase"]
[SourceDate "2013.04.22"]
[SourceVersion "1"]
[SourceVersionDate "2013.04.22"]
[SourceQuality "1"]

1. e4 c5 2. a3 e6 3. b4 cxb4 4. axb4 Bxb4 5. Bb2 Nf6 6. e5 Nd5 7. c4 Ne7 8. Na3 Nf5 9. Nc2 Ba5 10. Bd3 Nc6 11. Bxf5 exf5 12. Ne3 d6 13. exd6 0-0 14. c5 f4 15. Nd5 Qg5 16. Ne7+ Nxe7 17. Rxa5 Nc6 18. Ra3 Qxg2 19. Qf3 Re8+ 20. Re3 Bh3 21. Qxh3 Qxh3 22. Nxh3 fxe3 23. fxe3 b6 24. Rg1 g6 25. Nf4 Nb4 26. c6 Nxc6 27. Nd5 Re6 28. Nc7 Rd8 29. Nxe6 fxe6 30. Ba3 b5 31. Bc5 a5 32. Ke2 Kg7 33. Rc1 Nb8 34. Rb1 Nd7 35. Rxb5 Nxc5 36. Rxc5 Rxd6 37. Rxa5 Kf6 38. d4 Rd5 39. Ra2 g5 40. Kd3 g4 41. Ke4 Rf5 42. h3 gxh3 43. Rh2 Rh5 44. Kf4 Rh4+ 45. Kg3 Kg5 46. Kf3 h5 47. e4 Kf6 48. d5 e5 49. Ke3 Kg5 50. Kd3 Rf4 51. Rxh3 h4 52. Rh1 Rf3+ 53. Ke2 Ra3 54. d6 Ra8 55. d7 Rd8 56. Rg1+ Kf4 57. Rh1 Kg5 58. Rg1+ Kh6 59. Rg4 Kh5 60. Rg7 h3 61. Kf3 Kh6 62. Re7 Rg8 63. Re6+ Kh7 64. Rxe5 Rd8 65. Re7+ Kg6 66. e5 Ra8 67. Kg3 Ra3+ 68. Kh2 Rd3 69. Re6+ 1-0

[Event "POL-ch U18"]
[Site "Szczyrk"]
[Date "2013.??.??"]
[Round "3"]
[White "Gora, Jan"]
[Black "Zochowski, Kacper"]
[Result "0-1"]
[WhiteElo "1961"]
[BlackElo "2083"]
[PlyCount "93"]
[EventDate "2013.03.17"]
[EventType "swiss"]
[EventRounds "9"]
[EventCountry "POL"]
[SourceTitle "CBM 153 Extra"]
[Source "ChessBase"]
[SourceDate "2013.04.22"]
[SourceVersion "1"]
[SourceVersionDate "2013.04.22"]
[SourceQuality "1"]

1. c4 e5 2. Nc3 Nc6 3. g3 d6 4. Bg2 Be6 5. d3 Qd7 6. Nd5 g6 7. Qa4 Bg7 8. h4 h6 9. Bd2 Nge7 10. Nxe7 Kxe7 11. e3 Bg4 12. Bc3 Rhe8 13. Qc2 Kf8 14. f3 Be6 15. h5 d5 16. hxg6 fxg6 17. cxd5 Bxd5 18. 0-0-0 Qf7 19. b3 a5 20. f4 Bxg2 21. Qxg2 exf4 22. Bxg7+ Qxg7 23. Kb1 a4 24. Rf1 Rxe3 25. Rxf4+ Ke8 26. Re4+ Rxe4 27. Qxe4+ Kd8 28. Qh4+ Kc8 29. Qxh6 Qe7 30. Qh8+ Nd8 31. Qc3 axb3 32. axb3 Qe3 33. Nh3 Qxg3 34. Rc1 Ra6 35. Nf2 Rc6 36. Qd4 Rd6 37. Qc3 Rc6 38. Qd4 Rd6 39. Qc3 Rd7 40. Rc2 Nc6 41. Qh8+ Rd8 42. Qg7 Qd6 43. Re2 Nd4 44. Ne4 Qd5 45. Rb2 Nf5 46. Qh7 Qxd3+ 47. Rc2 0-1

[Event "POL-ch U18"]
[Site "Szczyrk"]
[Date "2013.??.??"]
[Round "4"]
[White "Stankiewicz, Pawel"]
[Black "Gora, Jan"]
[Result "1-0"]
[WhiteElo "2108"]
[BlackElo "1961"]
[PlyCount "77"]
[EventDate "2013.03.17"]
[EventType "swiss"]
[EventRounds "9"]
[EventCountry "POL"]
[SourceTitle "CBM 153 Extra"]
[Source "ChessBase"]
[SourceDate "2013.04.22"]
[SourceVersion "1"]
[SourceVersionDate "2013.04.22"]
[SourceQuality "1"]

1. f4 d5 2. Nf3 g6 3. g3 Bg7 4. Bg2 c6 5. d3 Bg4 6. c3 Bxf3 7. Bxf3 Nf6 8. Na3 Nbd7 9. 0-0 Qb6+ 10. Kh1 e5 11. e4 0-0 12. Bg2 Rfe8 13. fxe5 Nxe5 14. d4 Nc4 15. Nxc4 dxc4 16. Qc2 Qc7 17. Bg5 Nd7 18. Rae1 f6 19. Bf4 Qa5 20. Bh3 Nf8 21. b4 Qd8 22. Qe2 b5 23. Qf2 Ne6 24. Bc1 Nc7 25. Bg2 Qd7 26. Qf3 Rad8 27. h4 Re7 28. Kh2 Rde8 29. Bh3 Qd8 30. h5 gxh5 31. Bf5 h4 32. gxh4 Ne6 33. Rg1 Qd6+ 34. Kh1 Kh8 35. Rg2 Bf8 36. Reg1 Bg7 37. Qh5 Nf8 38. Bh6 Bxh6 39. Rg8# 1-0

[Event "Krakow op-B 23rd"]
[Site "Krakow"]
[Date "2012.12.29"]
[Round "4"]
[White "Gora, Jan"]
[Black "Gawronski, Lukasz"]
[Result "1-0"]
[WhiteElo "2000"]
[BlackElo "2069"]
[PlyCount "79"]
[EventDate "2012.12.27"]
[EventType "swiss"]
[EventRounds "9"]
[EventCountry "POL"]
[SourceTitle "CBM 152 Extra"]
[Source "ChessBase"]
[SourceDate "2013.02.25"]
[SourceVersion "1"]
[SourceVersionDate "2013.02.25"]
[SourceQuality "1"]

1. e4 c5 2. a3 e5 3. Bc4 d6 4. d3 Nf6 5. f4 exf4 6. Bxf4 Be7 7. Nf3 0-0 8. 0-0 d5 9. exd5 Nxd5 10. Bxd5 Qxd5 11. Nc3 Qh5 12. Qe1 Nc6 13. Qg3 Be6 14. Ne4 Bd5 15. Rae1 Bxe4 16. Rxe4 Bf6 17. Ne5 Bh4 18. Qh3 f5 19. Ree1 g5 20. Bxg5 Qxg5 21. Nf3 Qg4 22. Qxh4 Qxh4 23. Nxh4 f4 24. Re4 Rae8 25. Rfxf4 Rxf4 26. Rxe8+ Kf7 27. Re4 Rf6 28. Nf3 b6 29. c3 Rd6 30. d4 cxd4 31. Nxd4 Na5 32. Rh4 Kg6 33. Rh6+ Kxh6 34. Nf5+ Kg5 35. Nxd6 Kf6 36. b4 Ke6 37. bxa5 Kxd6 38. axb6 axb6 39. Kf2 Kc5 40. Ke3 1-0

[Event "Rewal op-B 17th"]
[Site "Rewal"]
[Date "2012.08.??"]
[Round "3"]
[White "Gora, Jan"]
[Black "Kaczmarek, Aleksander"]
[Result "0-1"]
[WhiteElo "1975"]
[BlackElo "2097"]
[PlyCount "96"]
[EventDate "2012.08.20"]
[EventType "swiss"]
[EventRounds "9"]
[EventCountry "POL"]
[SourceTitle "EXT 2014"]
[Source "ChessBase"]
[SourceDate "2013.11.20"]
[SourceVersion "1"]
[SourceVersionDate "2013.11.20"]
[SourceQuality "1"]

1. d4 c5 2. d5 Nf6 3. c4 b5 4. cxb5 a6 5. b6 d6 6. Nc3 Nbd7 7. Qa4 Rb8 8. e4 Rxb6 9. Qa5 g6 10. Nf3 Bg7 11. Be2 0-0 12. Nd2 Rb8 13. Qxd8 Rxd8 14. Nc4 Nb6 15. Na5 Bd7 16. a4 Ne8 17. Bd2 Nc7 18. b3 e6 19. dxe6 Nxe6 20. Rc1 Nd4 21. Bd1 Nc8 22. 0-0 Be6 23. Ne2 Ne7 24. Nxd4 Bxd4 25. Bc3 Bxc3 26. Rxc3 Rdc8 27. Be2 Nc6 28. Nxc6 Rxc6 29. a5 Rxb3 30. Rxb3 Bxb3 31. Rc1 c4 32. Bd1 Bxd1 33. Rxd1 f5 34. f3 Kf7 35. Kf2 fxe4 36. fxe4 Ke6 37. Ke3 Rc5 38. Rc1 Ke5 39. Ra1 c3 40. Kd3 c2 41. Rc1 Rxa5 42. Rxc2 Ra3+ 43. Kc4 Kxe4 44. Re2+ Re3 45. Ra2 d5+ 46. Kb4 Kd4 47. g3 Re1 48. Rd2+ Ke4 0-1

[Event "Rewal op-B 17th"]
[Site "Rewal"]
[Date "2012.08.??"]
[Round "9"]
[White "Misztal, Piotr"]
[Black "Gora, Jan"]
[Result "0-1"]
[WhiteElo "1778"]
[BlackElo "1975"]
[PlyCount "78"]
[EventDate "2012.08.20"]
[EventType "swiss"]
[EventRounds "9"]
[EventCountry "POL"]
[SourceTitle "EXT 2014"]
[Source "ChessBase"]
[SourceDate "2013.11.20"]
[SourceVersion "1"]
[SourceVersionDate "2013.11.20"]
[SourceQuality "1"]

1. e4 c5 2. Nf3 Nc6 3. d4 cxd4 4. Nxd4 g6 5. c4 Nf6 6. Nc3 d6 7. Be2 Nxd4 8. Qxd4 Bg7 9. Qd1 0-0 10. 0-0 Be6 11. f3 Rc8 12. Nd5 Nxd5 13. cxd5 Qb6+ 14. Kh1 Bd7 15. Rb1 Rc7 16. Qd3 Bd4 17. Rd1 Rfc8 18. Qxd4 Qxd4 19. Rxd4 Rxc1+ 20. Rd1 Rxb1 21. Rxb1 Rc2 22. Bd1 Rd2 23. Kg1 Bb5 24. Bb3 a5 25. a4 Ba6 26. h3 Kg7 27. Kh2 f5 28. exf5 gxf5 29. Re1 Kf7 30. Rb1 Bd3 31. Rd1 Rxd1 32. Bxd1 Bc4 33. Bc2 Kf6 34. g4 fxg4 35. fxg4 h6 36. Kg3 Bxd5 37. Kh4 Bf7 38. Be4 d5 39. Bc2 e5 0-1

[Event "Liberec Desko op"]
[Site "Liberec"]
[Date "2012.07.23"]
[Round "4"]
[White "Braun, Marek"]
[Black "Gora, Jan"]
[Result "1-0"]
[WhiteElo "2130"]
[BlackElo "1969"]
[PlyCount "77"]
[EventDate "2012.07.21"]
[EventType "swiss"]
[EventRounds "9"]
[EventCountry "CZE"]
[SourceTitle "CBM 149 Extra"]
[Source "ChessBase"]
[SourceDate "2012.08.24"]
[SourceVersion "1"]
[SourceVersionDate "2012.08.24"]
[SourceQuality "1"]

1. d4 d5 2. c4 e6 3. Nc3 c6 4. e3 f5 5. g4 Nf6 6. gxf5 exf5 7. cxd5 cxd5 8. Bg2 Nc6 9. Nge2 Be6 10. Nf4 Qd7 11. Qb3 0-0-0 12. Bd2 g5 13. Nxe6 Qxe6 14. 0-0-0 Kb8 15. Kb1 Ne4 16. Be1 Na5 17. Qa4 Nc4 18. Rc1 Rd6 19. Nxd5 Nxb2 20. Kxb2 Qxd5 21. Ba5 b6 22. Bb4 Rd8 23. Bxf8 Rhxf8 24. Rc2 Rc8 25. Rhc1 Rxc2+ 26. Qxc2 Qb7 27. f3 Nd6 28. f4 Qd7 29. fxg5 Qb5+ 30. Qb3 Qxb3+ 31. Kxb3 Re8 32. Re1 f4 33. e4 Nf5 34. exf5 Rxe1 35. f6 Re8 36. Kc4 Kc7 37. Kd5 f3 38. Bxf3 Re3 39. Be4 1-0

[Event "Klementowice op 2nd"]
[Site "Klementowice"]
[Date "2011.08.14"]
[Round "1"]
[White "Teclaf, Pawel"]
[Black "Gora, Jan"]
[Result "0-1"]
[WhiteElo "1509"]
[BlackElo "1894"]
[PlyCount "65"]
[EventDate "2011.08.14"]
[EventType "swiss"]
[EventRounds "9"]
[EventCountry "POL"]
[SourceTitle "CBM 144 Extra"]
[Source "ChessBase"]
[SourceDate "2011.10.28"]
[SourceVersion "1"]
[SourceVersionDate "2011.10.28"]
[SourceQuality "1"]

1. e4 c5 2. Nf3 g6 3. d4 cxd4 4. Qxd4 Nf6 5. e5 Nc6 6. Qd1 Nxe5 7. Bf4 Nxf3+ 8. Qxf3 Bg7 9. Nc3 d6 10. 0-0-0 Bg4 11. Qxb7 Bxd1 12. Qc6+ Kf8 13. Nxd1 Rc8 14. Qf3 Qa5 15. Nc3 Nd7 16. Bd2 Ne5 17. Qh3 e6 18. Kb1 Qc5 19. f4 Nc4 20. Bxc4 Qxc4 21. g4 d5 22. Rc1 h5 23. g5 Kg8 24. Qd3 Qxd3 25. cxd3 f6 26. Rc2 fxg5 27. fxg5 a6 28. Na4 Rxc2 29. Kxc2 Kf7 30. Bc3 Rc8 31. Kd1 d4 32. a3 dxc3 33. bxc3 0-1